Statistics for Zac Efron Charting Songs (Billboard Hot 100)

Click here to take the quiz!

General Stats

  • This quiz has been taken 13 times
  • The average score is 8 of 14

Answer Stats

AlbumWeeks OnPeakArtist(s)Song% Correct
The Greatest Showman: Original Motion Picture Soundtrack7 Weeks#70Zac Efron & ZendayaRewrite the Stars
90%
High School Musical 23 Weeks#46Zac EfronBet On It
80%
The Greatest Showman: Original Motion Picture Soundtrack4 Weeks#88Hugh Jackman, Keala Settle, Zac Efron, Zendaya & The Greatest Showman EnsembleThe Greatest Show
80%
High School Musical4 Weeks#34High School Musical CastWe're All In This Together
70%
High School Musical 28 Weeks#6High School Musical 2 CastWhat Time is It
60%
High School Musical4 Weeks#28Zac Efron, Andrew Seeley & Vanessa Anne HudgensStart of Something New
60%
High School Musical 24 Weeks#31Zac Efron & Vanessa Anne HudgensYou are the Music in Me
60%
High School Musical 22 Weeks#65Zac Efron & Vanessa Anne HudgensEveryday
60%
High School Musical11 Weeks#4Zac Efron, Andrew Seeley & Vanessa Anne HudgensBreaking Free
50%
High School Musical 22 Weeks#92High School Musical 2 CastAll For One
40%
High School Musical 3: Senior Year2 Weeks#98Zac Efron & Vanessa Anne HudgensCan I Have This Dance
40%
High School Musical 23 Weeks#34Zac Efron & Vanessa Anne HudgensGotta Go My Own Way
30%
High School Musical2 Weeks#43High School Musical CastStick to the Status Quo
30%
Hairspray2 Weeks#88Cast of HairsprayYou Can't Stop the Beat
30%

Score Distribution

Percentile by Number Answered

Percent of People with Each Score

Your Score History

You have not taken this quiz